Introduction to operations research (Record no. 12712)

000 -LEADER
fixed length control field 00534nam a22001937a 4500
001 - CONTROL NUMBER
control field 12712
003 - CONTROL NUMBER IDENTIFIER
control field BD-DhUET
008 - FIXED-LENGTH DATA ELEMENTS--GENERAL INFORMATION
fixed length control field 150228b xxu||||| |||| 00| 0 eng d
020 ## - INTERNATIONAL STANDARD BOOK NUMBER
International Standard Book Number 007099319X
040 ## - CATALOGING SOURCE
Original cataloging agency DLC
Transcribing agency DLC
Modifying agency BD-DhUET
082 ## - DEWEY DECIMAL CLASSIFICATION NUMBER
Classification number 658.51
Item number GIL/1976
100 ## - MAIN ENTRY--PERSONAL NAME
Personal name Gillett, Billy E.
245 ## - TITLE STATEMENT
Title Introduction to operations research
Remainder of title A computer-oriented algorithmic approach
250 ## - EDITION STATEMENT
Edition statement 1st ed.
260 ## - PUBLICATION, DISTRIBUTION, ETC. (IMPRINT)
Place of publication, distribution, etc. New Delhi
Name of publisher, distributor, etc. Tata McGraw-Hill
Date of publication, distribution, etc. 1976
300 ## - PHYSICAL DESCRIPTION
Extent xiii, 617p.
Other physical details illus.
650 #0 - SUBJECT ADDED ENTRY--TOPICAL TERM
Topical term or geographic name as entry element Operation Research
942 ## - ADDED ENTRY ELEMENTS (KOHA)
Koha item type General Book
Holdings
Piece designation (barcode) Koha normalized classification for sorting Withdrawn status Koha full call number Date acquired Not for loan Copy number Shelving location Location (home branch) Koha item type Source of classification or shelving scheme Price effective from Sublocation or collection (holding branch) Lost status Damaged status Koha date last seen
68990658_510000000000000_GIL_1976 658.51/GIL/19762015-02-28 1Circulation sectionCentral Library, BUETGeneral Book 2015-02-28Central Library, BUET  2015-02-28